000 00262nam a2200121Ia 4500
100 _aNone
942 _cBK
654 _aAdvanced D Base IV
245 _aAdvanced D Base IV
260 _bApple Education
_aBombay
_c1990
300 _a587
546 _aENGLISH
999 _c18187
_d18187